| 000 | 00556nam a2200205 a 4500 | ||
|---|---|---|---|
| 999 |
_c3949 _d3949 |
||
| 001 | 3949 | ||
| 003 | BD-JhCC | ||
| 005 | 20171120121056.0 | ||
| 008 | 171119s1988 bg ||||| |||| 00| 0 ben d | ||
| 035 | _a(BD-JhCC)3949 | ||
| 040 |
_aBD-JhCC _dBD-JhCC |
||
| 041 | _aben | ||
| 082 |
_a891.4409 _bHAQ 1988 |
||
| 100 | _aহক, আবদুল | ||
| 245 |
_aকাজী আবদুল ওদুদ রচনাবলী / _c আবদুল হক |
||
| 300 |
_a631 p. : _c21 cm. |
||
| 650 | _aCollection of works | ||
| 942 |
_2ddc _cBK |
||